| 000 | 01107cam a2200229 a 4500 | ||
|---|---|---|---|
| 001 | vtls003030669 | ||
| 003 | MY-SjTCS | ||
| 005 | 20200306163734.0 | ||
| 008 | 110218s2005 nyuaoc c 000 0 eng d | ||
| 020 | _a0764178288 | ||
| 039 | 9 |
_a201102181459 _bVLOAD _c200811241810 _dVLOAD _c200610041713 _dpushpa _y200609210926 _zfadilah |
|
| 082 | 0 | 4 |
_a778.92 _bTAY |
| 100 | 1 |
_aTaylor-Haw, Calvey _9238826 |
|
| 245 | 1 | 0 |
_aClip art image gallery : _b500 model poses : the ultimate library of professional-quality photo poses, all on white backgrounds with clipping masks / _cCalvey Taylor-Haw. |
| 260 |
_aHauppauge, NY : _bBarron's, _cc2005 |
||
| 300 |
_a528 p. : _bcol. ill. ; _c21 cm. + _e1 CD-ROM (4 3/4 in.) |
||
| 505 | 0 | _aFile formats - Metadata search - Masks and paths - Clipping paths - Location, location, location - Fabulous fashion? - Runarounds - Adding to images - Holding hands - Perfect presentations - Licences agreement. | |
| 650 | 0 |
_aClip art _vCatalogs _9238827 |
|
| 650 | 0 |
_aStock photography _vCatalogs. _922698 |
|
| 650 | 0 |
_aPortrait photography _xPosing. _922699 |
|
| 920 | _aMCS(USM): 202857, CD200265 | ||
| 999 | _c44947 | ||